00616 2200241 4500001002100000005001700021008004100038035002400079082000800103090001300111245006700124250001100191260003100202300001900233440002200252650001300274700002300287850001500310980001300325985000600338999001500344999001500359YOGYA-0209000000606120090227020849.0 ind  0010-020900000006061 a264 a264bEka aEKARISTI dan kerjasama imam-awamceditor, J.B. Banawiratama Sj aCet. 1 aYogyakartabKanisiusc1986 a156 hlmc20 cm a(Pustaka Teologi) aEkaristi aBanawiratma SJ, J. aYOPDYOG[B] a30-06-05 a2 aA000000421 aA000000422